<?xml version="1.0" encoding="UTF-8"?>
<record
    xmlns:xsi="http://www.w3.org/2001/XMLSchema-instance"
    xsi:schemaLocation="http://www.loc.gov/MARC21/slim http://www.loc.gov/standards/marcxml/schema/MARC21slim.xsd"
    xmlns="http://www.loc.gov/MARC21/slim">

  <leader>00954aab a2200205 i 4500</leader>
  <controlfield tag="001">768714001</controlfield>
  <controlfield tag="003">CO-MdFUSB</controlfield>
  <controlfield tag="005">20240422102016.0</controlfield>
  <controlfield tag="008">240417t1983    ag ||||| |||| 00| 0 spa d</controlfield>
  <datafield tag="040" ind1=" " ind2=" ">
    <subfield code="b">spa</subfield>
    <subfield code="c">CO-MdFUSB</subfield>
  </datafield>
  <datafield tag="041" ind1=" " ind2=" ">
    <subfield code="a">spa</subfield>
  </datafield>
  <datafield tag="100" ind1="1" ind2=" ">
    <subfield code="a">Breneman, Mervin (1930-)</subfield>
    <subfield code="e">autor</subfield>
  </datafield>
  <datafield tag="245" ind1=" " ind2="4">
    <subfield code="a">Los Salmos y la misionolog&#xED;a</subfield>
    <subfield code="c">/ Mervin Breneman</subfield>
  </datafield>
  <datafield tag="300" ind1=" " ind2=" ">
    <subfield code="a">Volumen 2, n&#xFA;mero 4, (diciembre, 1983), p&#xE1;ginas: 26 - 27</subfield>
    <subfield code="c">; 27 cm</subfield>
  </datafield>
  <datafield tag="520" ind1=" " ind2=" ">
    <subfield code="a">El libro de los Salmos es la parte del Antiguo Testamento m&#xE1;s utilizada en las iglesias.  Lo que la gente cree se expresa en su canci&#xF3;n. De ah&#xED; la importancia de los Salmos en la teolog&#xED;a b&#xED;blica. Todas las grandes ense&#xF1;anzas teol&#xF3;gicas del Antiguo Testamento est&#xE1;n registradas en los Salmos.</subfield>
  </datafield>
  <datafield tag="650" ind1=" " ind2="0">
    <subfield code="a">Biblia</subfield>
    <subfield code="9">16</subfield>
  </datafield>
  <datafield tag="650" ind1=" " ind2="7">
    <subfield code="a">Teolog&#xED;a b&#xED;blica</subfield>
    <subfield code="9">320</subfield>
  </datafield>
  <datafield tag="773" ind1="0" ind2=" ">
    <subfield code="t">Iglesia y Misi&#xF3;n</subfield>
    <subfield code="0">49402</subfield>
    <subfield code="9">59626</subfield>
    <subfield code="g">Volumen 2, n&#xFA;mero 4, (diciembre, 1983), p&#xE1;ginas: 26 - 27</subfield>
    <subfield code="q">p&#xE1;gina: 26</subfield>
  </datafield>
  <datafield tag="942" ind1=" " ind2=" ">
    <subfield code="c">ANA</subfield>
  </datafield>
  <datafield tag="999" ind1=" " ind2=" ">
    <subfield code="c">51426</subfield>
    <subfield code="d">51426</subfield>
  </datafield>
</record>
